000 00247nam a22001097a 4500
003 OSt
008 250204b |||||||| |||| 00| 0 eng d
041 _aeng
100 _aUSDA
_92298
245 _aManual on Conservation of Soil and Water
942 _cBK
999 _c19287
_d19287